Do Embraca mieria výrobné linky z Talianska

Hospodárenie spoločnosti Embraco Slovakia, s.r.o. Spišská Nová Ves. Spoločnosť vyrába kompresory na komerčné chladenie a kondenzačné jednotky. Spoločnosť pôsobí od r. 1998 a na základe zmluvy s vládou SR má päť rokov úplné daňové prázdniny a ďalších päť rokov bude platiť polovičnú daň zo zisku. Plán...

Descrizione completa

Salvato in:
Dettagli Bibliografici
Autore principale: Sobinkovič, Branislav
Natura: Capitolo di libro
Lingua:slovacco
Soggetti:
Tags: Aggiungi Tag
Nessun Tag, puoi essere il primo ad aggiungerne!!

MARC

LEADER 00000naa a2200000 4500
001 r045750
005 20230921114054.2
041 0 |a slo 
044 |a SK 
245 1 0 |a Do Embraca mieria výrobné linky z Talianska  |c Branislav Sobinkovič 
520 |a Hospodárenie spoločnosti Embraco Slovakia, s.r.o. Spišská Nová Ves. Spoločnosť vyrába kompresory na komerčné chladenie a kondenzačné jednotky. Spoločnosť pôsobí od r. 1998 a na základe zmluvy s vládou SR má päť rokov úplné daňové prázdniny a ďalších päť rokov bude platiť polovičnú daň zo zisku. Plánovaný rast spoločnosti. Embraco má sprostredkovaný odbyt, ale samostatný nákup. 
610 2 0 |a hospodárenie finančné 
610 2 0 |a hospodárenie podnikové 
610 2 0 |a vývoj podniku 
610 2 0 |a offshore 
610 2 0 |a nákup 
610 2 0 |a odbyt 
610 2 0 |a investície zahraničné 
610 2 0 |a investície zo zahraničia 
610 2 0 |a Taliansko 
610 2 0 |a Embraco Slovakia, s.r.o. Spišská Nová Ves 
100 1 |a Sobinkovič, Branislav